| 000 | 00929nam a2200217Ia 4500 | ||
|---|---|---|---|
| 999 |
_c36870 _d36870 |
||
| 001 | 2819 | ||
| 003 | GE_BSU | ||
| 005 | 20190611182253.0 | ||
| 008 | 181216s2009||||ge |||||||||||||| ||geo|| | ||
| 020 | _a9789941126093 | ||
| 040 | _cGE_BSU | ||
| 041 | _ageo | ||
| 080 | _a008.1(47922:55) ბ–25 | ||
| 100 |
_aბართაია, ნომადი _92416 |
||
| 245 |
_aქართული საყვავილე ირანული ვარდებისთვის : _bირანული ჩანახატები / _cნომადი ბართაია. |
||
| 264 |
_aთბილისი _bუნივერსალი, _c2009. |
||
| 300 |
_a231 გვ.; _b20 სმ. |
||
| 500 | _a თავფურ. ქართ. და სპარს. ენ. | ||
| 653 | _aქართულ-ირანული კულტურული ურთიერთობები | ||
| 942 |
_cBK _2udc |
||